000 00372nam a2200145Ia 4500
008 230917s9999||||xx |||||||||||||| ||und||
040 _e41115
_aMAIN
041 _aEnglish
082 _a813.09 L85A
100 _aLong, Elizabeth
245 0 _aAmerican dreams and the popular novel
260 _aBoston
_bRoutledge & Kegan Paul
_c1985
300 _ax, 242 p.
942 _cBK
999 _c55406
_d55406